Statistics for Large Countries with Small Economies

Click here to take the quiz!

General Stats

  • This quiz has been taken 107 times
    (49 since last reset)
  • The average score is 11 of 16

Answer Stats

GDP Area Country % Correct
9.741,284,000Chad
93%
10.91,566,000Mongolia
89%
15.01,240,192Mali
87%
7.80342,000Republic of the Congo
80%
7.891,267,000Niger
80%
4.991,030,000Mauritania
80%
12.6825,615Namibia
78%
1.67622,984Central African Republic
76%
2.87619,745South Sudan
74%
7.37637,657Somalia
67%
12.3801,590Mozambique
67%
10.5587,041Madagascar
61%
17.1390,757Zimbabwe
57%
16.7581,730Botswana
52%
20.9652,864Afghanistan
52%
23.6462,840Papua New Guinea
35%

Score Distribution

Percentile by Number Answered

Percent of People with Each Score

Your Score History

You have not taken this quiz since the last reset